Aké chce byť nové Japonsko
Ministerský predseda Šinzó Abe po štrvtýkrát na čele japonskej vlády sa pokúša vyviesť krajinu z dlhoročnej letargie. Novotvar abenomika (Abeho ekonomika) sa objavil na ostrovoch pred piatimi rokmi, keď Š. Abe naordinoval chorľavému národnému hospodárstvu ozdravnú receptúru. Abe chce revitalizovať h...
Gespeichert in:
| 1. Verfasser: | |
|---|---|
| Format: | Buchkapitel |
| Sprache: | Slowakisch |
| Schlagworte: | |
| Tags: |
Keine Tags, Fügen Sie das erste Tag hinzu!
|
MARC
| LEADER | 00000naa a2200000 4500 | ||
|---|---|---|---|
| 001 | 0237416 | ||
| 005 | 20221104112511.3 | ||
| 041 | 0 | |a slo | |
| 044 | |a SK | ||
| 245 | 1 | 0 | |a Aké chce byť nové Japonsko |c Adrian Peter Pressburg |
| 520 | |a Ministerský predseda Šinzó Abe po štrvtýkrát na čele japonskej vlády sa pokúša vyviesť krajinu z dlhoročnej letargie. Novotvar abenomika (Abeho ekonomika) sa objavil na ostrovoch pred piatimi rokmi, keď Š. Abe naordinoval chorľavému národnému hospodárstvu ozdravnú receptúru. Abe chce revitalizovať hospodásrtvo krajiny synergiou vývoja a výroby špičkovej civilnej a vojenskej techniky. Vláde pod jeho vedením ide o to, aby novelizovaná ústava prestala viazať ruky vývozcom najvyspelejšej techniky. | ||
| 610 | 2 | 0 | |a hospodárstvo národné |
| 610 | 2 | 0 | |a rozvoj hospodársky |
| 610 | 2 | 0 | |a obchod zahraničný |
| 610 | 2 | 0 | |a vývoz |
| 610 | 2 | 0 | |a technika vojenská |
| 610 | 2 | 0 | |a robotizácia |
| 610 | 2 | 0 | |a vývoj |
| 610 | 2 | 0 | |a politika |
| 610 | 2 | 0 | |a Japonsko |
| 100 | 1 | |a Pressburg, Adrian Peter | |